| 000 | 00699nam a2200217 i 4500 | ||
|---|---|---|---|
| 001 | 78637 | ||
| 003 | ES-MaACL | ||
| 005 | 20230906173754.0 | ||
| 007 | t| | ||
| 008 | 041015s1931 fr ||||1| fre d | ||
| 100 | 1 |
_aHauvette, Henri. _962136 |
|
| 245 | 1 | 4 |
_aLes poésies liriques de Pétrarque / _cHenri Hauvette. |
| 260 |
_aParis : _bSocieté Française de Edition Littéraires et Techniques, _c1931 ( _fF. Paillart) |
||
| 300 |
_a232 p. ; _c19 cm. |
||
| 490 | 1 | _aLes grandes événements litteraires | |
| 600 | 0 | 4 |
_aPetrarca, Francesco. _991528 |
| 830 | 0 |
_aLes grandes événements litteraires _9231405 |
|
| 852 |
_aES-MaACL _jA-2262 |
||
| 852 |
_aES-MaACL _jA-3059 |
||
| 999 |
_c78637 _d78637 |
||